Gobernantes i (sic) literatos (Record no. 143012)

MARC details
000 -LEADER
campo de control de longitud fija 01040nam a2200241 i 4500
001 - NÚMERO DE CONTROL
campo de control 143012
003 - IDENTIFICADOR DE NÚMERO DE CONTROL
campo de control ES-MaACL
005 - FECHA Y HORA DE LA ÚLTIMA TRANSACCIÓN
campo de control 20260127150101.0
007 - CAMPO FIJO DE DESCRIPCIÓN FÍSICA--INFORMACIÓN GENERAL
campo de control de longitud fija t|
008 - DATOS DE LONGITUD FIJA--INFORMACIÓN GENERAL
campo de control de longitud fija 071011s1907 cl ||||1| spa d
100 1# - ENTRADA PRINCIPAL--NOMBRE DE PERSONA
Nombre de persona Vicuña Subercaseaux, B.
9 (RLIN) 114410
245 10 - MENCIÓN DEL TÍTULO
Título Gobernantes i (sic) literatos
Resto del título : Montt i Varas, Mitre, Manuel A. Matta, Balmaceda, Juan E. Lagarrigue, Roosevelt, German Riesco : Alberto Blest Gana, Manuel Blanco Cuartin, Zorobadel Rodríguez, Los hermanos Amunátegui, Carlos T. Robinet, Heredia /
Mención de responsabilidad, etc. B. Vicuña Subercaseaux.
260 ## - PUBLICACIÓN, DISTRIBUCIÓN, ETC.
Lugar de publicación, distribución, etc. Santiago de Chile :
Nombre del editor, distribuidor, etc. [s.n.],
Fecha de publicación, distribución, etc. 1907 (
Fabricante Impr. y lit. Universo)
300 ## - DESCRIPCIÓN FÍSICA
Extensión 299 p. ;
Dimensiones 49 cm.
530 ## - NOTA DISPONIBLE DE FORMULARIO FÍSICO ADICIONAL
Nota de formato físico adicional disponible Disponible en formato digital.
650 #4 - PUNTO DE ACCESO ADICIONAL DE MATERIA--TÉRMINO DE MATERIA
Término de materia o nombre geográfico como elemento de entrada Políticos-
Subdivisión cronológica S.XIX.
9 (RLIN) 158685
650 #4 - PUNTO DE ACCESO ADICIONAL DE MATERIA--TÉRMINO DE MATERIA
Término de materia o nombre geográfico como elemento de entrada Políticos-
Subdivisión cronológica S.XX.
9 (RLIN) 158686
650 #4 - PUNTO DE ACCESO ADICIONAL DE MATERIA--TÉRMINO DE MATERIA
Término de materia o nombre geográfico como elemento de entrada Escritores hispanoamericanos.
9 (RLIN) 158687
852 ## - LOCALIZACIÓN
Ubicación ES-MaACL
Número de control de estantería G-7408
Ubicación en estantería Depósito 2
856 4# - LOCALIZACIÓN Y ACCESO ELECTRÓNICOS
Identificador Uniforme de Recursos <a href="http://bdh-rd.bne.es/viewer.vm?id=0000052147&page=1 ">http://bdh-rd.bne.es/viewer.vm?id=0000052147&page=1 </a>
Texto de enlace Biblioteca Digital Hispánica
942 ## - ELEMENTOS DE ENTRADA SECUNDARIOS (KOHA)
Fuente del sistema de clasificación o colocación Clasificación decimal universal
Holdings
Estatus retirado Estado de pérdida Estado de daño No para préstamo Colección Biblioteca de origen Biblioteca actual Ubicación en estantería Fecha de adquisición Fuente de adquisición Total de préstamos Signatura topográfica completa Código de barras Visto por última vez Precio de reemplazo Tipo de ítem Koha
        Colección digital Biblioteca del Ateneo de Madrid Biblioteca del Ateneo de Madrid Depósito 2 17/01/2008     G-7408 1148795 23/02/2023 23/02/2023 Libro impreso